1805 1874 1179 1800 1365 1262 1988 1536 1181 1614 1733 1117 1694 1826 1887 1116 1928 1097 1403 1142 1347 1052 1066 1384 1982 1519 1974 1370 1867 1890 1178 1444 1996 1214 1440 1166 1760 1121 1807 1074 1502 1502 1230 1142 1067 1849 1037 1353 1835 1431 1924 1060 1816 1510 1687 1411 1178 1665 1786 1505 1839 1099 1646 1910 1019 1755 1939 1626 1998 1377 1721 1874 1703 1307 1345 1341 1164 1060 1893 1291 1311 1854 1862 1004 1616 1544 1170 1234 1955 1361 1352 1484 1142 1328 1514 1947 1666 1074 1281 BCNSPRNW ULIB Ver.6.0+V

เปลี่ยนเป็นภาษาไทย

Change to English
 แสดงรายละเอียดบรรณานุกรม
  กลับหน้าหลัก

Brief Record : Get Marc (ISO 2709) : E-mail record : QR code < ปิดหน้าต่าง
LEADER : 00000nam 2200000uu 4500
001    13399120609
003     ULIB
008    120928s2549||||th 000 0 tha d
020    ^a9740318282
060 04 ^aWY152^bศ465ก 2549
100 0  ^aศิริพันธุ์ สาสัตย์
245 10 ^aการพยาบาลผู้สูงอายุ : ปัญหาที่พบบ่อยและแนวทางในการดูแล =^bGerontological nursing : common problems and caring guideline /^cศิริพันธ์ สาสัตย์
246 31 ^aGerontological nursing :^bcommon problems and caringguideline
250    ^aพิมพ์ครั้งที่ 1
260    ^aกรุงเทพฯ :^bสำนักพิมพ์แห่งจุฬาลงกรณ์มหาวิทยาลัย,^c2549
300    ^a(12), 331 หน้า :^bภาพประกอบ ;^c21 ซม.
650  7 ^aการพยาบาลผู้สูงอายุ
650  7 ^aผู้สูงอายุ^xการดูแล
945    ^p190^l0^i24692
945    ^p190^l0^i14073
945    ^p190^l0^i15127
995    ^aวิภา
999 ^a ใช้งานได้ทุกระบบ
รายการนี้ยังไม่มีแท็ก
คุณยังไม่ได้ล็อกอิน คุณสามารถมีกิจกรรมร่วมกับเว็บไซต์ได้ แต่ต้องล็อกอินก่อน ::
  ล็อกอิน

รายการสื่อสารสนเทศ

ลำดับที่ ประเภท เลขเรียก/บาร์โค้ด สถานที่ สถานะ
1. Book การพยาบาล
Book การพยาบาล
WY152 ศ465ก 2549  
  Barcode: 24692
ห้องสมุดวิทยาเขตนครสวรรค์
►หนังสือทั่วไป:l:General Books
บนชั้น
2. Book การพยาบาล
Book การพยาบาล
สถานะ=หนังสือเก่า
WY152 ศ465ก 2549 ฉ.2 
  Barcode: 14073
ห้องสมุดวิทยาเขตนครสวรรค์
►หนังสือทั่วไป:l:General Books
บนชั้น
3. Book การพยาบาล
Book การพยาบาล
สถานะ=หนังสือเก่า
WY152 ศ465ก 2549 ฉ.3 
  Barcode: 15127
ห้องสมุดวิทยาเขตนครสวรรค์
►หนังสือทั่วไป:l:General Books
บนชั้น

รายการใกล้เคียง
    ผู้แต่ง [ศิริพันธุ์ สาสัตย์]

    หัวเรื่อง [การพยาบาลผู้สูงอายุ]
    หัวเรื่อง [ผู้สูงอายุ การดูแล]

BibComment


ยังไม่เคยถูกคอมเมนท์

คอมเมนท์ทรัพยากรรายการนี้
  คอมเมนท์: การพยาบาลผู้สูงอ..


 Copyright 2026. Bcnsprnw @Library